000 00520nam a2200157 a 4500
001 000027533
005 20200930030913.0
008 110401s2004 dr ab 000 0 spa d
040 _aDO-SdBNP
_bspa
_cBNPHU
082 _axxxx
_bI59
110 2 _aInstituto Dominicano de Investigaciones Agropecuarias y Forestales
_9299
245 1 0 _aReporte 2001-2003.
260 _aSanto Domingo :
_bInstituto Dominicano de Investigaciones Agropecuarias y Forestales,
_c2004.
300 _a119 p. :
_bil, retr. ;
_c28 cm.
049 _aBNPD
999 _c27025
_d27025